000
00261nam a22001097a 4500
008
240708b |||||||| |||| 00| 0 eng d
100
_a
Mehata, Ramesh
_9
16601
245
_a
Kya Musibat hai
260
_b
Dehati Pustak Bhandar;
_c
-
300
_a
120p.
942
_c
BK
999
_c
40439
_d
40439